000 00853nam1a2200253 i 4500
001 RU\NLR\BIBL_A\010952009
005 20260406111123.0
035 _a(NLR Aleph) 010952009
090 _a10781423
_c10781423
100 _a20151029g20159999em y0rusy50 ca
101 1 _arus
_ceng
102 _aRU
105 _a||||z||||||||
200 1 _aГерои Олимпа
_e[роман
_eдля старшего школьного возраста]
_fРик Риордан
_g[пер. с англ.: А.В. Деминой]
210 _aМосква
_cЭксмо
_d2015
215 _d21
333 _a16+
686 0 _aШ9(7США)62-4
700 1 _aРиордан
_bР.
_f1964-
_gРик
_3RU\NLR\AUTH\77118226
_9101151
852 _aNLR
_j2015-3/34383
942 _cBOOK